|
|
|
|
| LEADER |
00000nam0a2200000 4500 |
| 001 |
297335 |
| 005 |
20231102001010.0 |
| 035 |
|
|
|a (RuTPU)RU\TPU\book\322468
|
| 090 |
|
|
|a 297335
|
| 100 |
|
|
|a 20150608d1983 m y0rusy50 ca
|
| 101 |
0 |
|
|a rus
|
| 102 |
|
|
|a RU
|
| 105 |
|
|
|a a j 001zy
|
| 200 |
1 |
|
|a Проектирование литейных цехов
|e учебное пособие
|f И. Ф. Селянин
|g Сибирский металлургический институт (СМИ)
|
| 210 |
|
|
|a Кемерово
|c Кузбасский политехнический институт
|d 1983
|
| 215 |
|
|
|a 79 с.
|c ил.
|
| 320 |
|
|
|a Библиогр.: с. 77-78
|
| 606 |
1 |
|
|a Литейные цехи
|x Проектирование
|2 stltpush
|3 (RuTPU)RU\TPU\subj\40383
|9 60238
|
| 610 |
1 |
|
|a технико-экономические основы
|
| 610 |
1 |
|
|a плавильные процессы
|
| 610 |
1 |
|
|a формовочные цеха
|
| 610 |
1 |
|
|a стержни
|
| 610 |
1 |
|
|a вспомогательные службы
|
| 610 |
1 |
|
|a транспорт
|
| 610 |
1 |
|
|a литье в оболочковые формы
|
| 610 |
1 |
|
|a учебные пособия
|
| 675 |
|
|
|a 621.74.006.3(075.8)
|v 3
|
| 700 |
|
1 |
|a Селянин
|b И. Ф.
|g Иван Филиппович
|
| 712 |
0 |
2 |
|a Сибирский металлургический институт (СМИ)
|c (Новокузнецк)
|c (1933-1994)
|2 stltpush
|3 (RuTPU)RU\TPU\col\2081
|
| 801 |
|
1 |
|a RU
|b 63413507
|c 20150608
|
| 801 |
|
2 |
|a RU
|b 63413507
|c 20180529
|g RCR
|
| 942 |
|
|
|c BK
|